Prezidentské voľby vo Francúzsku 2022. Analýza jazyka programových vyhlásení dvoch najvýznamnejších kandidátov

Prezidentské voľby vo Francúzsku v roku 2022 a predvolebná kampaň. Francúzsky volebný systém pri voľbe prezidenta republiky. Programové vyhlásenie kandidátov na prezidenta ako súčasť volebnej kampane. Volebná kampaň pred prezidentskými voľbami v roku 2022 a jazyk programových vyhlásení. Analýza prog...

Ausführliche Beschreibung

Gespeichert in:
Bibliographische Detailangaben
1. Verfasser: Paté, Magdaléna, 1980-
Format: Buchkapitel
Sprache:Slowakisch
Schlagworte:
Tags: Tag hinzufügen
Keine Tags, Fügen Sie das erste Tag hinzu!

MARC

LEADER 00000naa$a2200000$$$4500
001 0288721
005 20240502074425.6
041 0 |a slo 
044 |a SK 
245 1 0 |a Prezidentské voľby vo Francúzsku 2022. Analýza jazyka programových vyhlásení dvoch najvýznamnejších kandidátov  |c Magdaléna Paté 
520 |a Prezidentské voľby vo Francúzsku v roku 2022 a predvolebná kampaň. Francúzsky volebný systém pri voľbe prezidenta republiky. Programové vyhlásenie kandidátov na prezidenta ako súčasť volebnej kampane. Volebná kampaň pred prezidentskými voľbami v roku 2022 a jazyk programových vyhlásení. Analýza programu dvoch kandidátov na prezidenta – E. Macrona a M. Le Penovej z jazykového hľadiska. 
610 2 0 |a voľby 
610 2 0 |a prezidenti 
610 2 0 |a kampane volebné 
610 2 0 |a komunikácia 
610 2 0 |a jazykoveda 
610 2 0 |a Francúzsko 
100 1 |a Paté, Magdaléna, 1980-